00739nam a2200145Ia 4500008004100000020001800041050001800059100004400077245005300121260003400174300003700208504003200245505029600277650002000573120625s2007 mx r 001 0 spa d a9789706138545 4aKJA147 bG66 1 aGonzález Román, Héctore , autor 10aDerecho Romano c / Héctor González Román  aMéxicob : Oxford c , 2007 axvii, 317 páginas c ; 23 cm.  aBibliografía: pp. 307-3080 aIntroducción al derecho romano De las personas La familia Derechos reales La adquisición por sucesión Teoría de las obligaciones De los contratos Las otras clases de contratos Formas de extinción de las obligaciones y las obligaciones correales El derecho procesal romano  4aDERECHO ROMANO